000 00851cab a2200301 4500
001 ABS47531
008 090401t1992 xxu||||| |||| 00| 0 eng d
035 _a(Sirsi) u62410
041 _aeng
100 _aSpencer, J.
245 _aContaminated land: a western Australian perspective
260 _c1992
350 _a0
490 _aAIVLE Research Notes
_v(5) August 1992, 1-4(4)
520 _aExamines how valuers are dealing with problems associated with contaminated land in Australia.
650 _aAUSTRALIA
650 _aBLIGHT
650 _aCONTAMINATED LAND
650 _aDISCLAIMERS
650 _aDUTY OF CARE
650 _aPOLLUTION
650 _aPROFESSIONAL NEGLIGENCE
650 _aValuation
_96273
690 _aOVERSEAS-REST OF THE WORLD
690 _aRATING AND VALUATION
942 _n0
948 _c04/03/1997
999 _c38787
_d38787